Puss in Boots (Registo nº 1227)

Detalhes MARC
000 -Etiqueta do registo
Cabeçalho 00554nam0a2200229 4500
005 - Identificador da versão
Campo de controlo 20240813121830.0
010 ## - Número internacional normalizado dos livros (ISBN)
Número (ISBN) 1845580516
021 ## - Número do Depósito Legal
Código do país PT
100 ## - Dados gerais de processamento
Dados gerais de processamento 20110105d2004 d y0pory5003 ba
102 ## - Pais de publicação ou produção
País de publicação Portugal
101 0# - Língua de publicação
Língua do texto, banda sonora, etc. Inglês
Língua do documento no original Inglês
106 ## - Campo de dados codificados: material textual
Dados codificados do material textual r
105 ## - Campo de dados codificados: livros
Dados codificados dos livros a z 001yy
215 ## - Descrição física 
Indicação específica da natureza do documento e extensão da espécie 56 p.
Outras indicações físicas il.
200 1# - Titulo e menção de responsabilidade
Título próprio Puss in Boots
Primeira menção de responsabilidade Charles Perrault
Outras menções de responsabilidade retold by Jenny Dooley and Anthony Kerr
205 ## - Menção da edição
Menção da edição 1a ed.
210 ## - Publicação, Distribuição, etc. 
Lugar da edição, distribuição, etc. Berkshire
Nome do editor, distribuidor, etc. Express Publishing
Data da publicação, distribuição, etc. 2004
942 ## - Elementos de entrada adicionados (Koha)
Tipo de item no Koha Livro
Exemplares
Situação do levantamento Origin of item (home branch) (coded) Biblioteca de empréstimo Código de barras Cota Circulation type (not for loan) Tipo de documento Nota do exemplar Damaged status
  Biblioteca Escolar Eng. Nuno Mergulhão Biblioteca Escolar Eng. Nuno Mergulhão BENM2415 8EST PER   Livro Sem mensagem